[Event "Eastern Asia-ch U12"]
[Site "Tornelo INT"]
[Date "2021.10.31"]
[Round "7"]
[White "Tee, Geng Kai"]
[Black "Peramunetilleke, Savin Kavindu"]
[Result "1-0"]
[WhiteElo "1097"]
[BlackElo "1430"]
[PlyCount "109"]
[EventDate "2021.10.29"]
[EventType "swiss"]
[EventRounds "9"]
[EventCountry "NET"]
[SourceTitle "EXT 2023"]
[Source "ChessBase"]
[SourceDate "2022.10.05"]
[SourceVersion "1"]
[SourceVersionDate "2022.10.05"]
[SourceQuality "1"]

1. e4 e5 2. Nf3 Nc6 3. d4 exd4 4. Nxd4 Nf6 5. Nc3 Bb4 6. Bg5 h6 7. Bh4 d6 8. Nxc6 bxc6 9. Bxf6 Qxf6 10. Qf3 Qxf3 11. gxf3 Bxc3+ 12. bxc3 Be6 13. Ba6 Rb8 14. f4 f6 15. Rg1 0-0 16. f5 Bf7 17. Bd3 Rb2 18. a3 Re8 19. Kd2 Reb8 20. Rg2 Kh7 21. f4 Rg8 22. Rag1 Ra2 23. e5 Rxa3 24. exf6 gxf6 25. Rxg8 Bxg8 26. Re1 Bd5 27. Re7+ Kg8 28. Rxc7 Ra4 29. Rc8+ Kf7 30. Rc7+ Ke8 31. Rh7 Rxf4 32. Rxh6 Be4 33. Rxf6 Bxd3 34. Kxd3 Ke7 35. Rh6 Rxf5 36. Rh7+ Rf7 37. Rxf7+ Kxf7 38. Kc4 a5 39. Kb3 Ke6 40. Ka4 Kd5 41. Kxa5 Kc4 42. h4 Kxc3 43. h5 d5 44. h6 d4 45. h7 Kxc2 46. h8Q d3 47. Kb4 d2 48. Qc3+ Kd1 49. Kc4 Ke2 50. Qd3+ Ke1 51. Qe3+ Kd1 52. Kd3 Kc1 53. Qxd2+ Kb1 54. Kc3 c5 55. Qb2# 1-0

[Event "Eastern Asia-ch U12"]
[Site "Tornelo INT"]
[Date "2021.10.30"]
[Round "4"]
[White "Peramunetilleke, Savin Kavindu"]
[Black "Kumar Sarma, Himanish"]
[Result "0-1"]
[WhiteElo "1430"]
[BlackElo "1052"]
[PlyCount "88"]
[EventDate "2021.10.29"]
[EventType "swiss"]
[EventRounds "9"]
[EventCountry "NET"]
[SourceTitle "EXT 2023"]
[Source "ChessBase"]
[SourceDate "2022.10.05"]
[SourceVersion "1"]
[SourceVersionDate "2022.10.05"]
[SourceQuality "1"]

1. e4 e6 2. d4 d5 3. Nc3 Bb4 4. e5 c5 5. Qg4 Kf8 6. dxc5 Bxc3+ 7. bxc3 Qa5 8. Qb4 Nc6 9. Qxa5 Nxa5 10. Nf3 Ne7 11. Ba3 Nac6 12. Nd4 Nxe5 13. Bb5 N5c6 14. f4 g6 15. 0-0 Kg7 16. Bb2 Nxd4 17. cxd4 Nf5 18. Bd3 Ne3 19. Rfe1 Ng4 20. c4 Nf6 21. cxd5 Nxd5 22. g3 Bd7 23. a3 Rhd8 24. Bc4 Bc6 25. Rad1 Kf8 26. Re5 Nf6 27. Re2 Bf3 28. Rde1 Bxe2 29. Rxe2 Rac8 30. a4 Nd5 31. Ba3 Kg8 32. Rb2 b6 33. Bxd5 Rxd5 34. cxb6 axb6 35. Rxb6 Rxd4 36. a5 Ra4 37. Bb4 Ra2 38. Be1 Rc1 39. Kf1 Raa1 40. a6 Rxe1+ 41. Kf2 Kg7 42. a7 Rec1 43. Rb7 Ra3 44. Rb8 Rc2+ 0-1

[Event "Barcelona Sant Marti op-B 21st"]
[Site "Barcelona"]
[Date "2019.07.18"]
[Round "6"]
[White "Peramunetilleke, Savin Kavindu"]
[Black "Garcia Clemente, Julian Francisco"]
[Result "1/2-1/2"]
[WhiteElo "1085"]
[BlackElo "1813"]
[PlyCount "116"]
[EventDate "2019.07.13"]
[EventType "swiss"]
[EventRounds "9"]
[EventCountry "ESP"]
[SourceTitle "EXT 2020"]
[Source "ChessBase"]
[SourceDate "2019.10.17"]
[SourceVersion "1"]
[SourceVersionDate "2019.10.17"]
[SourceQuality "1"]

1. e4 e6 2. d4 d5 3. Nc3 Nf6 4. e5 Nfd7 5. Bd3 c5 6. Be3 cxd4 7. Bxd4 Nc6 8. Bb5 a6 9. Bxc6 bxc6 10. f4 c5 11. Bf2 Be7 12. Nf3 0-0 13. 0-0 Bb7 14. Ne2 d4 15. Ng3 g6 16. b4 Qc7 17. bxc5 Rfd8 18. Qe2 Bxf3 19. Qxf3 Nxc5 20. Bxd4 Rac8 21. Bxc5 Qxc5+ 22. Kh1 Qxc2 23. Qb3 Rd2 24. Rg1 Qxb3 25. axb3 Rc6 26. Rgc1 Ra2 27. Rab1 Rb2 28. Rf1 Rcc2 29. Rxb2 Rxb2 30. Rf3 h5 31. h3 a5 32. Rd3 Bc5 33. Kh2 Rb1 34. Ne2 Re1 35. Rc3 Bf2 36. Rc2 h4 37. g3 hxg3+ 38. Nxg3 Bxg3+ 39. Kxg3 Re3+ 40. Kg2 Rxb3 41. Ra2 Rb5 42. h4 Kg7 43. Ra4 f6 44. exf6+ Kxf6 45. Ra3 Rf5 46. Ra4 Ke7 47. Rd4 e5 48. fxe5 Rxe5 49. Ra4 Ke6 50. Kf3 Rd5 51. Ke4 Rb5 52. Ke3 Rh5 53. Kf3 Kd6 54. Ke3 Rf5 55. Rg4 Rf6 56. Rg5 a4 57. Ra5 Re6+ 58. Kf4 Rf6+ 1/2-1/2

[Event "Barcelona Sant Marti op-B 21st"]
[Site "Barcelona"]
[Date "2019.07.14"]
[Round "2"]
[White "Carulla Pons, Carlos"]
[Black "Peramunetilleke, Savin Kavindu"]
[Result "1/2-1/2"]
[WhiteElo "1743"]
[BlackElo "1085"]
[PlyCount "41"]
[EventDate "2019.07.13"]
[EventType "swiss"]
[EventRounds "9"]
[EventCountry "ESP"]
[SourceTitle "EXT 2020"]
[Source "ChessBase"]
[SourceDate "2019.10.17"]
[SourceVersion "1"]
[SourceVersionDate "2019.10.17"]
[SourceQuality "1"]

1. c4 e5 2. g3 Nc6 3. Bg2 Nf6 4. Nc3 Bc5 5. e3 0-0 6. Nge2 a6 7. 0-0 d6 8. d4 exd4 9. exd4 Ba7 10. Bg5 h6 11. Be3 Re8 12. a3 Bf5 13. b4 Qc8 14. Re1 Ne7 15. Nf4 Ng6 16. Nxg6 Bxg6 17. Qd2 Ne4 18. Nxe4 Bxe4 19. f3 Bg6 20. Bf2 Qd7 21. Rad1 1/2-1/2